Culture Générale - Série 500 - Statistiques

Statistiques générales
  • Ce quiz a été pris 1 027 fois
  • Le résultat moyen est 6 sur 10
Statistiques - réponses
Question Réponse % Correct
Combien y a-t-il de centimètres dans un décimètre ? 10
96%
Selon l'expression, que met-on dans les roues d'une personne pour la gêner ? bâtons
96%
Quel philosophe du 17e siècle est à la base de la pensée cartésienne ? Descartes
79%
Que sont Arial, Times New Roman et Verdana ? Polices de caractères
72%
En sport, quel nom désigne la tranche d'âge comprise entre poussins et minimes ? Benjamins
48%
Comment appelle-t-on un désert de dunes ? erg
45%
Quel était le prénom de la dame de Poitiers dont le roi Henri II fit sa favorite ? Diane
42%
A quelle famille de plantes le concombre appartient-il ? cucurbitacées
37%
Quel mot d'origine russe désigne la chambre basse du Parlement en Russie ? Douma
37%
Quels animaux Garcimore avait-il surnommés Tac et Tac-Tac ? souris
29%
Aucun quiz correspondant
Distribution des résultats
% des personnes avec chaque résultat
Percentile par nombre de réponses
Votre historique - résultats
Vous n’avez pas pris ce quiz